00709 2200253 4500001002100000005001700021008004100038035002400079082001200103090002200115100002000137245005500157250001100212260007900223300002400302500002600326650002200352850001500374980001500389985000600404999001500410999001500425999001500440YOGYA-0209000004134720090227025746.0 ind  0010-020900000041347 a612.042 a612.042bWes TlT aWESTRA, Pariata aTeknik-teknik instruksi kerjacoleh Pariata Westra aCet. 1 aYogyakartabBalai Pembinaan Administrasi Akademi Administrasi negarac1981 a35 hlmbilusc19 cm abibliografi : hlm. 33 aKerja - Fisiologi aYOPDYOG(B) a21-01-2008 a3 a07A0027288 a07A0027290 a07A0027289